Derecho fundamental de asociación en la Iglesia
Uloženo v:
| Hlavní autor: | |
|---|---|
| Médium: | Kniha |
| Jazyk: | španělština |
| Vydáno: |
Pamplona
EUNSA
1972
|
| Témata: | |
| Tagy: |
Přidat tag
Žádné tagy, Buďte první, kdo vytvoří štítek k tomuto záznamu!
|
MARC
| LEADER | 00000nam a2200000 a 4500 | ||
|---|---|---|---|
| 001 | UCX2558 | ||
| 003 | CL-VaPUC | ||
| 008 | 910624e19720000SP |||||||||||||||||spa|d | ||
| 082 | 0 | 4 | |a 262.9 |b DIA |2 21 |
| 100 | 0 | |a Díaz Díaz, Alfonso |e author |9 318521 | |
| 245 | 1 | 0 | |a Derecho fundamental de asociación en la Iglesia |
| 300 | |a 275 p | ||
| 942 | |c BK | ||
| 945 | |d 19910624 00:00:00 | ||
| 260 | |a Pamplona |b EUNSA |c 1972 | ||
| 650 | 7 | |a LIBERTAD DE ASOCIACION |2 CL-VaPUC |9 256580 | |
| 583 | |a last modification |c 19910624 00:00:00 |k Rodrigo Vera | ||
| 999 | |c 223551 |d 223549 | ||
| 952 | |0 0 |1 0 |4 0 |6 262_900000000000000_DIA_1972 |7 0 |8 A |9 219468 |a BIBTEO |b BIBTEO |d 2019-11-15 |i 2881969 |o 262.9 DIA 1972 |p 2881969 |r 2025-01-17 |w 2019-11-15 |y BK |k ICR | ||